Top 10 Papaya Producing Countries - Statistics

General Stats
  • This quiz has been taken 10 times
  • The average score is 8 of 10
Answer Stats
Boxes of Papaya Country % Correct
1.1 M Brazil
80%
200 K China
80%
5.1 M India
80%
1.1 M Indonesia
80%
1.2 M Mexico
80%
200 K Peru
80%
1.3 M Dominican Republic
70%
900 K Nigeria
70%
200 K Thailand
70%
200 K Democratic Republic of the Congo
60%
No matching quizzes found
Score Distribution
Percent of People with Each Score
Percentile by Number Answered
Your Score History
You have not taken this quiz